<?xml version="1.0" encoding="UTF-8"?>
<record
    xmlns:xsi="http://www.w3.org/2001/XMLSchema-instance"
    xsi:schemaLocation="http://www.loc.gov/MARC21/slim http://www.loc.gov/standards/marcxml/schema/MARC21slim.xsd"
    xmlns="http://www.loc.gov/MARC21/slim">

  <leader>00828nam a2200217Ia 4500</leader>
  <controlfield tag="001">12638</controlfield>
  <controlfield tag="003">GE_BSU</controlfield>
  <controlfield tag="008">181216s||||||||xx |||||||||||||| ||und||</controlfield>
  <datafield tag="040" ind1=" " ind2=" ">
    <subfield code="c">GE_BSU</subfield>
  </datafield>
  <datafield tag="080" ind1=" " ind2=" ">
    <subfield code="a">634.9</subfield>
  </datafield>
  <datafield tag="100" ind1=" " ind2=" ">
    <subfield code="a">&#x421;&#x43E;&#x441;&#x442;-&#x43B;&#x438;:&#x412;&#x430;&#x441;&#x438;&#x43B;&#x44C;&#x435;&#x432;,&#x410;.&#x412;. &#x413;&#x443;&#x43B;&#x438;&#x441;&#x430;&#x448;&#x432;&#x438;&#x43B;&#x438;, &#x412;.&#x412;. &#x414;&#x43E;&#x43B;&#x443;&#x445;&#x430;&#x43D;&#x43E;&#x432;,&#x410;.&#x413;. &#x438; &#x434;&#x440;.</subfield>
  </datafield>
  <datafield tag="245" ind1=" " ind2=" ">
    <subfield code="a">&#x414;&#x435;&#x43D;&#x434;&#x440;&#x43E;&#x444;&#x43B;&#x43E;&#x440;&#x430; &#x41A;&#x430;&#x432;&#x43A;&#x430;&#x437;&#x430;=&#x10D9;&#x10D0;&#x10D5;&#x10D9;&#x10D0;&#x10E1;&#x10D8;&#x10D8;&#x10E1; &#x10D3;&#x10D4;&#x10DC;&#x10D3;&#x10E0;&#x10DD;&#x10DA;&#x10DD;&#x10D2;&#x10D8;&#x10D0;</subfield>
  </datafield>
  <datafield tag="245" ind1=" " ind2=" ">
    <subfield code="b">&#x414;&#x438;&#x43A;&#x43E;&#x440;&#x430;&#x441;&#x442;&#x443;&#x449;&#x438;&#x435; &#x438; &#x43A;&#x443;&#x43B;&#x44C;&#x442;&#x443;&#x440;&#x43D;&#x44B;&#x435; &#x434;&#x435;&#x440;&#x435;&#x432;&#x44C;&#x44F; &#x438; &#x43A;&#x443;&#x441;&#x442;&#x430;&#x440;&#x43D;&#x438;&#x43A;&#x438;</subfield>
  </datafield>
  <datafield tag="260" ind1=" " ind2=" ">
    <subfield code="a">&#x422;&#x431;&#x438;&#x43B;&#x438;&#x441;&#x438;</subfield>
  </datafield>
  <datafield tag="260" ind1=" " ind2=" ">
    <subfield code="b">&#x418;&#x437;&#x434;-&#x432;&#x43E; &#x410;&#x41D; &#x413;&#x440;&#x443;&#x437;&#x438;&#x43D;&#x441;&#x43A;&#x43E;&#x439; &#x421;&#x421;&#x420;</subfield>
  </datafield>
  <datafield tag="260" ind1=" " ind2=" ">
    <subfield code="c">1959</subfield>
  </datafield>
  <datafield tag="300" ind1=" " ind2=" ">
    <subfield code="a">406&#x441;&#x442;&#x440;.26&#x441;&#x43C;.</subfield>
  </datafield>
  <datafield tag="653" ind1=" " ind2=" ">
    <subfield code="a">&#x414;&#x435;&#x43D;&#x434;&#x440;&#x43E;&#x444;&#x43B;&#x43E;&#x440;&#x430; &#x41A;&#x430;&#x432;&#x43A;&#x430;&#x437;&#x430;</subfield>
  </datafield>
  <datafield tag="653" ind1=" " ind2=" ">
    <subfield code="a">&#x10D9;&#x10D0;&#x10D5;&#x10D9;&#x10D0;&#x10E1;&#x10D8;&#x10D8;&#x10E1; &#x10D3;&#x10D4;&#x10DC;&#x10D3;&#x10E0;&#x10DD;&#x10DA;&#x10DD;&#x10D2;&#x10D8;&#x10D0;</subfield>
  </datafield>
  <datafield tag="942" ind1=" " ind2=" ">
    <subfield code="c">BK</subfield>
  </datafield>
  <datafield tag="999" ind1=" " ind2=" ">
    <subfield code="c">45810</subfield>
    <subfield code="d">45810</subfield>
  </datafield>
  <datafield tag="952" ind1=" " ind2=" ">
    <subfield code="0">0</subfield>
    <subfield code="1">0</subfield>
    <subfield code="4">0</subfield>
    <subfield code="7">0</subfield>
    <subfield code="9">60073</subfield>
    <subfield code="d">2018-12-17</subfield>
    <subfield code="p">20491</subfield>
    <subfield code="r">2018-12-17</subfield>
    <subfield code="w">2018-12-17</subfield>
    <subfield code="y">BK</subfield>
  </datafield>
</record>
